| 000 | 00919 a2200205 4500 | ||
|---|---|---|---|
| 003 | Nust | ||
| 005 | 20230329124315.0 | ||
| 010 | _a 74025980 | ||
| 040 | _cNust | ||
| 082 | 0 | 0 | _a799.232,SAM |
| 100 | 1 |
_aSamson, Jack. _9111558 |
|
| 245 | 1 | 0 |
_aFalconry today / _cJack Samson ; ill. by Victoria Blanchard. |
| 260 |
_aNew York : _bH. Z. Walck, _cc1976. |
||
| 300 |
_axii, 112 p. : _bill. ; _c26 cm. |
||
| 505 | _aA brief history of Falconry (Page-5), Some Preliminaries (Page-11), The Language of Falconry (Page-14), The Equipment (Page-18), The Hunting Hawks of America (Page-32), How to get a Hawk (Page-47), Your New Hawk (Page-57), Flying to First and Lure (Page-64), Hunting Your Hawk (Page-71), Car and treatment of Hawks (Page-75), Whither Falconry (page-82). | ||
| 650 | 0 |
_aFalconry _xJuvenile literature. _9111559 |
|
| 650 | 0 |
_aFalconry. _9111560 |
|
| 700 | 1 |
_aBlanchard, Victoria. _9111561 |
|
| 942 |
_2ddc _cBK |
||
| 999 |
_c190875 _d190875 |
||